Entry Toplantı Adı
001 - KONTROL NUMARASI
- Kontrol alanı: 14462
003 - KONTROL NUMARASI KİMLİĞİ
- Kontrol alanı: TR-BiSEU
005 - SON İŞLEM TARİHİ VE ZAMANI
- Kontrol alanı: 20260207001504.0
008 - SABİT UZUNLUKTAKİ VERİ ÖGELERİ - GENEL BİLGİ
- Sabit uzunlukta kontrol alanı: 260207|| aca||aabn | a|a d
040 ## - KATALOGLAMA KAYNAĞI
- Özgün kataloglama kurumu: TR-BiSEU
- Çeviri kurumu: TR-BiSEU
111 ## - KONU BAŞLIKLARI - TOPLANTI ADI
- Toplantı adı: Türk - Rus ilişkilerinde 500 yıl Sempozyumu 12-14 Aralık 1992 Ankara
670 ## - BİLGİNİN KAYNAĞI
- Bilginin alındığı kaynak: KOHA: (TR-BiSEU)5923: Türk - Rus ilişkilerinde 500 yıl Sempozyumu 12-14 Aralık 1992 Ankara, Türk - Rus ilişkilerinde 500 yıl 1491-1992.
